[Event "Baleares-chT"]
[Site "Palma de Mallorca"]
[Date "2022.01.22"]
[Round "1.4"]
[White "Fuster Aguilo, Joan"]
[Black "Ermachenko, Manuel"]
[Result "0-1"]
[WhiteElo "1732"]
[BlackElo "2115"]
[PlyCount "88"]
[EventDate "2022.01.22"]
[EventType "team-tourn"]
[EventRounds "7"]
[EventCountry "ESP"]
[SourceTitle "EXT 2023"]
[Source "ChessBase"]
[SourceDate "2022.10.05"]
[SourceVersion "1"]
[SourceVersionDate "2022.10.05"]
[SourceQuality "1"]
[WhiteTeam "Cercle de Cultura Es Castell"]
[BlackTeam "Agora Megaescacs"]
[WhiteTeamCountry "ESP"]
[BlackTeamCountry "ESP"]

1. d4 d5 2. Bf4 Nf6 3. Nf3 e6 4. e3 c5 5. c3 Qb6 6. Qc2 Nc6 7. Be2 Be7 8. Nbd2 0-0 9. Ne5 cxd4 10. exd4 Nxe5 11. dxe5 Nd7 12. Bd3 f5 13. Nf3 Nc5 14. b4 Nxd3+ 15. Qxd3 Bd7 16. Be3 Bb5 17. Bxb6 Bxd3 18. Be3 f4 19. Bd2 a5 20. a3 axb4 21. cxb4 Ra6 22. Bc3 Rfa8 23. Kd2 Be4 24. Bb2 g5 25. Rhc1 g4 26. Ng1 f3 27. gxf3 Bg5+ 28. Ke1 Bxc1 29. Rxc1 gxf3 30. Rc3 Rc6 31. Rxc6 bxc6 32. Kd2 c5 33. bxc5 Ra5 34. Nh3 Rxc5 35. Bc3 Rc4 36. Ng5 d4 37. Bxd4 Bd5 38. Ke3 h6 39. Nh3 Ra4 40. Bb2 Re4+ 41. Kd3 Rh4 42. Ng1 Rxh2 43. Ke3 Rh1 44. Nxf3 Rh3 0-1

[Event "ESP-chT Regional U14"]
[Site "Gijon"]
[Date "2021.06.19"]
[Round "5.1"]
[White "Habans Aguerrea, Javier"]
[Black "Ermachenko, Manuel"]
[Result "1-0"]
[WhiteElo "2304"]
[BlackElo "2131"]
[PlyCount "63"]
[EventDate "2021.06.17"]
[EventType "team-swiss"]
[EventRounds "6"]
[EventCountry "ESP"]
[SourceTitle "EXT 2022"]
[Source "ChessBase"]
[SourceDate "2021.10.06"]
[SourceVersion "1"]
[SourceVersionDate "2021.10.06"]
[SourceQuality "1"]
[WhiteTeam "Navarra U14"]
[BlackTeam "Baleares U14"]
[WhiteTeamCountry "ESP"]
[BlackTeamCountry "ESP"]

1. d4 Nf6 2. Bg5 d5 3. e3 Ne4 4. Bf4 c5 5. Bd3 cxd4 6. exd4 Nf6 7. c3 Nc6 8. Nd2 g6 9. Ngf3 Bg7 10. 0-0 0-0 11. h3 Nd7 12. Re1 b6 13. Nf1 Bb7 14. Qd2 Re8 15. Bh6 Bf6 16. Ne3 Na5 17. b3 e5 18. dxe5 Nxe5 19. Nxe5 Bxe5 20. Ng4 Nc6 21. Bb5 Qd6 22. Bxc6 Bxc6 23. Rxe5 Rxe5 24. Bf4 Re2 25. Qd4 Qe6 26. Bh6 f6 27. Nxf6+ Kf7 28. Nxh7 Qe5 29. Qg4 Re8 30. Be3 Bb5 31. Ng5+ Ke7 32. Qb4+ 1-0

[Event "ESP-ch U14"]
[Site "Salobrena"]
[Date "2020.08.05"]
[Round "5"]
[White "Sanchez Aguilar, Arnau"]
[Black "Ermachenko, Manuel"]
[Result "1/2-1/2"]
[WhiteElo "1736"]
[BlackElo "2101"]
[PlyCount "61"]
[EventDate "2020.08.03"]
[EventType "swiss"]
[EventRounds "9"]
[EventCountry "ESP"]
[SourceTitle "EXT 2021"]
[Source "ChessBase"]
[SourceDate "2020.10.23"]
[SourceVersion "1"]
[SourceVersionDate "2020.10.23"]
[SourceQuality "1"]

1. e4 c5 2. Nc3 e6 3. Nf3 Nc6 4. g3 d5 5. exd5 exd5 6. d4 Nf6 7. Bg2 Be7 8. 0-0 0-0 9. dxc5 Bxc5 10. a3 Re8 11. b4 Bb6 12. Na4 Bg4 13. Nxb6 Qxb6 14. Bb2 d4 15. h3 Bxf3 16. Qxf3 a5 17. c3 axb4 18. axb4 Rad8 19. cxd4 Qxb4 20. Rfb1 Ne4 21. Qd3 f5 22. Ba3 Qxd4 23. Qxd4 Nxd4 24. Bxe4 fxe4 25. Rxb7 Nc2 26. Rc1 Nxa3 27. Rcc7 Rd1+ 28. Kg2 Ra8 29. Rxg7+ Kf8 30. Rgf7+ Kg8 31. Rg7+ 1/2-1/2

[Event "ESP-ch U14"]
[Site "Salobrena"]
[Date "2020.08.03"]
[Round "2"]
[White "Ermachenko, Manuel"]
[Black "Garcia Fernandez, Victor"]
[Result "1/2-1/2"]
[WhiteElo "2101"]
[BlackElo "1690"]
[PlyCount "106"]
[EventDate "2020.08.03"]
[EventType "swiss"]
[EventRounds "9"]
[EventCountry "ESP"]
[SourceTitle "EXT 2021"]
[Source "ChessBase"]
[SourceDate "2020.10.23"]
[SourceVersion "1"]
[SourceVersionDate "2020.10.23"]
[SourceQuality "1"]

1. e4 c5 2. Nf3 e6 3. d4 cxd4 4. Nxd4 Nf6 5. Nc3 Nc6 6. Ndb5 Bb4 7. a3 Bxc3+ 8. Nxc3 d5 9. exd5 exd5 10. Bb5 0-0 11. 0-0 a6 12. Bd3 d4 13. Ne4 Nd5 14. Qh5 f5 15. Bc4 Kh8 16. Ng5 Nf6 17. Qe2 Qd7 18. Re1 h6 19. Nf3 b5 20. Bd3 Re8 21. Qd1 Bb7 22. Bf4 Ne4 23. a4 b4 24. Nd2 Na5 25. f3 Nc5 26. Nc4 Rxe1+ 27. Qxe1 Nxd3 28. cxd3 Nxc4 29. dxc4 a5 30. Qe5 Re8 31. Qxa5 d3 32. Bd2 Qd4+ 33. Kh1 Qxb2 34. Re1 Ra8 35. Qxb4 Qxb4 36. Bxb4 Rxa4 37. Rb1 Ba6 38. c5 Bb5 39. Bd2 Ra2 40. Kg1 Rxd2 41. Rxb5 Rc2 42. Rb8+ Kh7 43. Rd8 d2 44. Kf1 Kg6 45. c6 Rxc6 46. Rxd2 Kf6 47. Kf2 Re6 48. h4 h5 49. Kg3 Ra6 50. Rb2 Rc6 51. Rb4 Ra6 52. Kf4 Rc6 53. g3 Ra6 1/2-1/2

[Event "Calvia Amateur op 16th"]
[Site "Calvia"]
[Date "2019.10.05"]
[Round "1"]
[White "Granholm, Johan"]
[Black "Ermachenko, Manuel"]
[Result "0-1"]
[WhiteElo "1517"]
[BlackElo "1968"]
[PlyCount "50"]
[EventDate "2019.10.05"]
[EventType "swiss"]
[EventRounds "9"]
[EventCountry "ESP"]
[SourceTitle "CBM 192 Extra"]
[Source "Chessbase"]
[SourceDate "2019.11.06"]
[SourceVersion "1"]
[SourceVersionDate "2019.11.06"]
[SourceQuality "1"]

1. e4 c5 2. d4 cxd4 3. Nf3 e6 4. Nxd4 a6 5. Nc3 Qc7 6. Be3 Nf6 7. Be2 Bb4 8. Qd3 Nxe4 9. 0-0 Nxc3 10. bxc3 Bxc3 11. Rab1 0-0 12. Rb3 Bxd4 13. Bxd4 Nc6 14. Bb6 Qe5 15. f4 Qf6 16. g4 d5 17. Rf3 e5 18. Rh3 e4 19. Qe3 Re8 20. f5 d4 21. Qf4 Bd7 22. Rh5 h6 23. Qc7 Ne5 24. Qxb7 Bc6 25. Qc7 Rec8 0-1

[Event "Wch U12"]
[Site "Santiago de Compostela"]
[Date "2018.11.13"]
[Round "9"]
[White "Ermachenko, Manuel"]
[Black "Mekhane, Adam"]
[Result "0-1"]
[WhiteElo "1862"]
[BlackElo "2065"]
[PlyCount "94"]
[EventDate "2018.11.04"]
[EventType "swiss"]
[EventRounds "11"]
[EventCountry "ESP"]
[SourceTitle "EXT 2022"]
[Source "ChessBase"]
[SourceDate "2021.10.06"]
[SourceVersion "1"]
[SourceVersionDate "2021.10.06"]
[SourceQuality "1"]

1. e4 e5 2. Nf3 Nc6 3. Bb5 a6 4. Ba4 d6 5. c3 Bd7 6. 0-0 g6 7. d3 Bg7 8. Nbd2 Nge7 9. b4 0-0 10. Bb3 h6 11. Re1 Kh7 12. Bb2 f5 13. h3 f4 14. a3 g5 15. Nh2 Qe8 16. Rc1 Qg6 17. f3 h5 18. Qe2 Ng8 19. Qf2 Nh6 20. Bd1 Bf6 21. d4 Rg8 22. Kf1 Rg7 23. Ke2 Ne7 24. Kd3 Nd5 25. Nhf1 exd4 26. cxd4 Bb5+ 27. Nc4 Nb6 28. a4 Bxc4+ 29. Rxc4 Nxc4 30. Kxc4 Qf7+ 31. Kd3 b5 32. Qc2 Qd7 33. a5 Rc8 34. Ke2 Kh8 35. Qd3 g4 36. Bc2 gxh3 37. gxh3 Re8 38. Kd1 Qxh3 39. Nd2 Nf7 40. e5 Bh4 41. e6 Rxe6 42. Rf1 d5 43. Qc3 Nd6 44. Qc6 Nc4 45. Qa8+ Rg8 46. Qxd5 Qxf1+ 47. Nxf1 Re1# 0-1

[Event "Wch U12"]
[Site "Santiago de Compostela"]
[Date "2018.11.05"]
[Round "2"]
[White "Droin, Augustin"]
[Black "Ermachenko, Manuel"]
[Result "1-0"]
[WhiteElo "2155"]
[BlackElo "1862"]
[PlyCount "153"]
[EventDate "2018.11.04"]
[EventType "swiss"]
[EventRounds "11"]
[EventCountry "ESP"]
[SourceTitle "EXT 2022"]
[Source "ChessBase"]
[SourceDate "2021.10.06"]
[SourceVersion "1"]
[SourceVersionDate "2021.10.06"]
[SourceQuality "1"]

1. e4 c5 2. Nf3 e6 3. d4 cxd4 4. Nxd4 a6 5. Bd3 Qc7 6. 0-0 Nf6 7. Re1 d6 8. c4 b6 9. Nc3 Bb7 10. a4 Be7 11. a5 bxa5 12. Qa4+ Nbd7 13. Nb3 0-0 14. Qxa5 Qb8 15. Bc2 Ne5 16. Qb4 Qc7 17. Na5 Rfb8 18. Qa4 Nfd7 19. Be3 Nb6 20. Bxb6 Qxb6 21. b4 Bc8 22. Rab1 Bd7 23. Qa2 Rc8 24. Nd1 Qc7 25. Nb2 Rab8 26. f4 Ng4 27. Nd3 Bf6 28. e5 dxe5 29. h3 e4 30. Rxe4 Bc6 31. Nxc6 Qxc6 32. Nc5 Rxb4 33. Nxa6 Rxb1+ 34. Bxb1 Nh6 35. c5 Be7 36. Kh2 g6 37. Rc4 f5 38. Bd3 Rd8 39. Nb4 Qc7 40. Qa6 Kf7 41. Qb6 Qxb6 42. cxb6 Rb8 43. Rc7 Rxb6 44. Nc6 Ng8 45. Ne5+ Kg7 46. Bc4 Rd6 47. Nc6 Kf7 48. Ne5+ Kg7 49. g4 h6 50. Kg3 Rb6 51. g5 hxg5 52. fxg5 Rd6 53. h4 Rd4 54. Nf3 Re4 55. Rc6 Bd6+ 56. Rxd6 Rxc4 57. Rxe6 Rc7 58. Ne5 Ne7 59. Rf6 f4+ 60. Kg4 Ra7 61. Rf7+ Kg8 62. Rxe7 Rxe7 63. Nxg6 Rg7 64. Nxf4 Kh7 65. h5 Ra7 66. Nd5 Kg7 67. h6+ Kg6 68. Nf4+ Kh7 69. Kh5 Ra5 70. Ne6 Re5 71. Nf8+ Kg8 72. h7+ Kh8 73. Ng6+ Kxh7 74. Nxe5 Kg7 75. g6 Kh8 76. Kh6 Kg8 77. Ng4 1-0

[Event "Balears-ch U12"]
[Site "Eivissa"]
[Date "2018.05.06"]
[Round "5.2"]
[White "Ermachenko, Manuel"]
[Black "Moll Gener, Joan"]
[Result "0-1"]
[WhiteElo "1805"]
[BlackElo "1776"]
[PlyCount "120"]
[EventDate "2018.05.04"]
[EventType "swiss"]
[EventRounds "5"]
[EventCountry "ESP"]
[SourceTitle "EXT 2024"]
[Source "ChessBase"]
[SourceDate "2023.10.10"]
[SourceVersion "1"]
[SourceVersionDate "2023.10.10"]
[SourceQuality "1"]

1. e4 c5 2. Nf3 d6 3. d4 cxd4 4. Nxd4 Nf6 5. Nc3 a6 6. Be2 e6 7. 0-0 Qc7 8. f4 b5 9. Bf3 Bb7 10. e5 dxe5 11. fxe5 Nfd7 12. Bxb7 Qxb7 13. Kh1 b4 14. Na4 Nxe5 15. Qh5 Ng6 16. Be3 Nd7 17. Rad1 Nf6 18. Qh3 Be7 19. Nb3 Qe4 20. Qg3 Qg4 21. Qf2 0-0 22. h3 Qh4 23. Qxh4 Nxh4 24. Bg5 Nf5 25. Rfe1 Nd5 26. Bxe7 Nfxe7 27. Nd4 Rac8 28. Rd2 Nc6 29. Nf5 Rfd8 30. Nd4 Nxd4 31. Rxd4 Rxc2 32. Nb6 g6 33. Na4 Rdc8 34. Kg1 Rc1 35. Rdd1 Rxd1 36. Rxd1 Rc2 37. Kh2 Nf4 38. Rg1 Nd3 39. Rb1 Rc1 40. Rxc1 Nxc1 41. a3 bxa3 42. bxa3 Nd3 43. Kg3 Kf8 44. Kf3 Ne5+ 45. Ke4 Nd7 46. Kd4 Ke7 47. Nc3 f5 48. g3 Kd6 49. Ne2 Nb6 50. g4 e5+ 51. Kd3 Nd5 52. Ng3 Nf4+ 53. Ke3 Ke6 54. gxf5+ gxf5 55. h4 Ng2+ 56. Kf2 Nxh4 57. Ne2 Ng6 58. Ke3 Nf4 59. Nxf4+ exf4+ 60. Kxf4 h5 0-1

[Event "Balears-ch U12"]
[Site "Eivissa"]
[Date "2018.05.05"]
[Round "4.1"]
[White "Aguado Doncel, Pablo Luis"]
[Black "Ermachenko, Manuel"]
[Result "1/2-1/2"]
[WhiteElo "1975"]
[BlackElo "1805"]
[PlyCount "74"]
[EventDate "2018.05.04"]
[EventType "swiss"]
[EventRounds "5"]
[EventCountry "ESP"]
[SourceTitle "EXT 2024"]
[Source "ChessBase"]
[SourceDate "2023.10.10"]
[SourceVersion "1"]
[SourceVersionDate "2023.10.10"]
[SourceQuality "1"]

1. d4 Nf6 2. c4 g6 3. Nc3 d5 4. cxd5 Nxd5 5. e4 Nxc3 6. bxc3 Bg7 7. Nf3 c5 8. Bb5+ Nc6 9. 0-0 0-0 10. Be3 Bg4 11. Bxc6 bxc6 12. Rc1 Qa5 13. Rc2 Rad8 14. h3 Bxf3 15. Qxf3 cxd4 16. cxd4 Bxd4 17. Bxd4 Rxd4 18. Qc3 Qxc3 19. Rxc3 Rxe4 20. Rxc6 Ra4 21. Re1 Rxa2 22. Rxe7 Kg7 23. g4 a5 24. Ra7 Kh6 25. Rca6 f5 26. Rxa5 Rxa5 27. Rxa5 Kg5 28. Kg2 h5 29. f3 h4 30. Ra4 fxg4 31. Rxg4+ Kh5 32. f4 Rf5 33. Kf3 Ra5 34. Kg2 Ra2+ 35. Kf3 Ra3+ 36. Kg2 Rc3 37. Rg5+ Kh6 1/2-1/2

[Event "Mallorca-ch School U12"]
[Site "Mallorca"]
[Date "2018.03.16"]
[Round "7"]
[White "Ermachenko, Manuel"]
[Black "Aguado Doncel, Pablo Luis"]
[Result "0-1"]
[WhiteElo "1761"]
[BlackElo "1872"]
[PlyCount "82"]
[EventDate "2018.02.02"]
[EventType "swiss"]
[EventRounds "7"]
[EventCountry "ESP"]
[SourceTitle "EXT 2024"]
[Source "ChessBase"]
[SourceDate "2023.10.10"]
[SourceVersion "1"]
[SourceVersionDate "2023.10.10"]
[SourceQuality "1"]

1. e4 c5 2. Nf3 d6 3. d4 cxd4 4. Nxd4 Nf6 5. Nc3 g6 6. Be3 Bg7 7. f3 0-0 8. Qd2 Nc6 9. g4 Bxg4 10. fxg4 Nxg4 11. Nxc6 bxc6 12. Bd4 Bxd4 13. Qxd4 e5 14. Qg1 Qg5 15. Be2 h5 16. Qg3 f5 17. exf5 Rxf5 18. h3 Ne3 19. Qxg5 Rxg5 20. Kd2 Nf5 21. Rag1 Ng3 22. h4 Nxh1 23. Rxg5 Kf7 24. Ke1 Rb8 25. b3 Rb4 26. Rg1 Rxh4 27. Nd1 e4 28. Kf1 Rh2 29. c4 h4 30. Bg4 Ng3+ 31. Ke1 Rxa2 32. Nc3 Rb2 33. Bd1 e3 34. Na4 Rd2 35. Nc3 d5 36. cxd5 cxd5 37. Ne2 Ne4 38. Rf1+ Nf2 39. Nc3 d4 40. Be2 dxc3 41. Bc4+ Kg7 0-1